Statistics for Top 15 Countries with Covid-19 Cases - 22 May

Click here to take the quiz!

General Stats

  • This quiz has been taken 11 times
  • The average score is 18 of 25

Answer Stats

country% Correct
Brazil
100%
China
100%
Germany
100%
India
100%
Spain
100%
United Kingdom
100%
United States
100%
Canada
91%
France
91%
Italy
91%
Russia
91%
Iran
73%
Turkey
73%
Belgium
64%
Ireland
64%
Sweden
64%
Saudi Arabia
55%
Switzerland
55%
Bahrain
45%
Kuwait
45%
Peru
45%
Qatar
45%
Singapore
36%
Chile
27%
Belarus
18%

Score Distribution

Percentile by Number Answered

Percent of People with Each Score

Your Score History

You have not taken this quiz